Welcome to the Holygrace Academy Library

Please use search bar below to get started

INFLUENCE (Record no. 7040)

MARC details
000 -LEADER
fixed length control field 00319nam a22001457a 4500
020 ## - INTERNATIONAL STANDARD BOOK NUMBER
ISBN 978-0-06-313880-3
082 ## - DEWEY DECIMAL CLASSIFICATION NUMBER
Classification number 158
Item number CIA/I
100 ## - MAIN ENTRY--AUTHOR NAME
Personal name CIALDINI, ROBERT B
245 ## - TITLE STATEMENT
Title INFLUENCE
260 ## - PUBLICATION, DISTRIBUTION, ETC. (IMPRINT)
Place of publication NEW YORK
Name of publisher ROBERT COLLINS
Year of publication 2007
300 ## - PHYSICAL DESCRIPTION
Number of Pages 568
520 ## - SUMMARY, ETC.
Summary, etc PSYCHOLOGY
650 ## - SUBJECT ADDED ENTRY--TOPICAL TERM
Topical Term REFERENCE BOOK
942 ## - ADDED ENTRY ELEMENTS (KOHA)
Koha item type Books
Holdings
Withdrawn status Lost status Collection code Home library Current library Shelving location Date acquired Source of acquisition Full call number Accession Number Koha item type
    Reference Main Library Main Library NEW SHELF WITH NEW ENTRY 26/10/2023 Purchase 158 CIA/I 13230 Books